000 00680nam1a22002291 4500
001 RU\NLR\INFOCOMM17\ROSSICA\1000311427
005 20240726074653.0
035 _a(NLR Aleph) 009974324
090 _a9663241
_c9663241
100 _a20031016g18741914|||y0rusy50 ba
101 0 _afre
102 _aRU
105 _ay ||||000ay
200 1 _aCompte Rendu de la Banque Russe pour le Commerce étranger pour l'exercice
210 _aSt.Petersbourg
_d1874-1914
710 0 0 _aBanque Russe pour le Commerce étranger pour l'exercice
_4070
801 1 _aRU
_bInfoComm
_c20031016
801 0 _aRU
_bNLR
_gPSBO
852 _aNLR
_bCr
_j4°174
942 _cBOOK
980 _aRossica